LEADER 02575nam0 22003733i 450 001 BVEE041786 005 20170908093222.0 012 $ao-n- set- teel sequ (3) 1685 (R)$2fei 100 $a20140326d1685 ||||0itac50 ba 101 | $aita$alat 102 $ait 181 1$6z01$ai $bxxxe 182 1$6z01$an 200 1 $aMemorie historiche di ciò, che hanno operato li sommi pontefici nelle guerre contro i Turchi dal primo passaggio di questi in Europa fino all'anno 1684. Raccolte da Domenico Bernino ... 210 $aIn Roma$cappresso Gio. Battista Bussotti$d1685 215 $a\16!, 318, \2! p.$d4º 300 $aParti di testo in latino 300 $aSegn.: ✝⁴2✝⁴A-2R⁴. 316 $a1 v. (Sul front., timbro rosso: "RB" e note ms.: "S. Cata Formello Napoli", "L'autore, quando compose questo libro, haveva ventisei anni")$5IT-NA0079, V.F. 138 D 35 317 $aPossessore: *Convento di Santa Caterina a Formiello . Nota ms.$5IT-NA0079 V.F. 138 D 35 620 $aIT$dRoma$3LO1L002924 700 1$aBernini$b, Domenico$f <1657-1723>$3NAPV053490$4070$0267326 712 02$aBussotti, Giovanni Battista$3TO0V270933$4650 712 02$aConvento di Santa Caterina a Formiello$c $3NAPP000051$4390$5IT-NA0079 V.F. 138 D 35 790 1$aBernino$b, Domenico$3PUVV180585$zBernini, Domenico <1657-1723> 801 3$aIT$bIT-NA0079$c20140326 850 $aIT-NA0079 899 1$aBiblioteca Nazionale Vittorio Emanuele III$bNA0079$41 esemplare $eS$uhttp://books.google.com/books?vid=IBNN:BNVA1001538795 912 $aBVEE041786 950 0$aBiblioteca Nazionale Vittorio Emanuele III$c1 v.$d BNV.F. 138 D 35$e BNVA10015387955 B 1 v. (Sul front., timbro rosso: "RB" e note ms.: "S. Cata Formello Napoli", "L'autore, quando compose questo libro, haveva ventisei anni")$fC $h20140326$i20140326$lSul front., timbro rosso: "RB"$mTimbri di enti laici e persone$lSul front., note ms.: "S. Cata Formello Napoli", "L'autore, quando compose questo libro, haveva ventisei anni"$mNote, dedica, postille e note di possesso manoscritte 956 $aBiblioteca Nazionale Vittorio Emanuele III$b1$c $d $eBNVA1001538795$uhttp://books.google.com/books?vid=IBNN:BNVA1001538795$z BNV.F. 138 D 35 977 $a BN 996 $aMemorie historiche di ciò, che hanno operato li sommi pontefici nelle guerre contro i Turchi dal primo passaggio di questi in Europa fino all'anno 1684. Raccolte da Domenico Bernino ..$91481532 997 $aUNISANNIO